ბათუმის შოთა რუსთაველის სახელმწიფო უნივერსიტეტის ბიბლიოთეკა

Сравнительное конституционное право : (ბიბ.ჩანაწერი № 36141)

000 -LEADER
fixed length control field 00800nam a2200217Ia 4500
001 - CONTROL NUMBER
control field 2041
003 - CONTROL NUMBER IDENTIFIER
control field GE_BSU
005 - DATE AND TIME OF LATEST TRANSACTION
control field 20221006152050.0
008 - FIXED-LENGTH DATA ELEMENTS--GENERAL INFORMATION
fixed length control field 181216s2007ru xx |||||||||||||| ||rus||
020 ## - INTERNATIONAL STANDARD BOOK NUMBER
International Standard Book Number 5222091554
040 ## - CATALOGING SOURCE
Transcribing agency GE_BSU
041 ## - LANGUAGE CODE
Language code of text/sound track or separate title rus
080 ## - UNIVERSAL DECIMAL CLASSIFICATION NUMBER
Universal Decimal Classification number 342.4(075.8) Е-61
100 ## - MAIN ENTRY--PERSONAL NAME
Personal name Енгибарян,Р.В.
9 (RLIN) 15118
245 ## - TITLE STATEMENT
Title Сравнительное конституционное право :
Remainder of title Уч-е пособие /
Statement of responsibility, etc. Р.В. Енгибарян.
264 ## - PRODUCTION, PUBLICATION, DISTRIBUTION, MANUFACTURE, AND COPYRIGHT NOTICE
Place of production, publication, distribution, manufacture Ростов на Дону:
Name of producer, publisher, distributor, manufacturer Феникс,
Date of production, publication, distribution, manufacture, or copyright notice 2007.
300 ## - PHYSICAL DESCRIPTION
Extent 542 стр. :
Other physical details 20 см.
653 ## - INDEX TERM--UNCONTROLLED
keyword Сравнительное конституционное право
653 ## - INDEX TERM--UNCONTROLLED
keyword შედარებითი კონსტიტუციური სამართალი
942 ## - ADDED ENTRY ELEMENTS (KOHA)
Koha item type წიგნი
Source of classification or shelving scheme
ეგზემპლარები
Withdrawn status Lost status Damaged status Not for loan Date acquired Barcode Date last seen Price effective from Koha item type
        2018-12-17 3875 2018-12-17 2018-12-17 წიგნი